Assessment for instructional planning in special education / (Record no. 13040)

000 -LEADER
fixed length control field 00944cam a2200301 a 4500
001 - CONTROL NUMBER
control field 916208
003 - CONTROL NUMBER IDENTIFIER
control field OSt
005 - DATE AND TIME OF LATEST TRANSACTION
control field 20160809145326.0
008 - FIXED-LENGTH DATA ELEMENTS--GENERAL INFORMATION
fixed length control field 820727s1983 nju b 001 0 eng
010 ## - LIBRARY OF CONGRESS CONTROL NUMBER
LC control number 82014995
020 ## - INTERNATIONAL STANDARD BOOK NUMBER
International Standard Book Number 013049643X
040 ## - CATALOGING SOURCE
Original cataloging agency DLC
Transcribing agency DLC
Modifying agency DLC
050 00 - LIBRARY OF CONGRESS CALL NUMBER
Classification number LB3051
Item number .Z54 1983
082 00 - DEWEY DECIMAL CLASSIFICATION NUMBER
Classification number 371.9
Edition number 19
100 1# - MAIN ENTRY--PERSONAL NAME
Personal name Zigmond, Naomi,
Dates associated with a name 1941-
245 10 - TITLE STATEMENT
Title Assessment for instructional planning in special education /
Statement of responsibility, etc. Naomi Zigmond, Ada Vallecorsa, Rita Silverman.
260 ## - PUBLICATION, DISTRIBUTION, ETC. (IMPRINT)
Place of publication, distribution, etc. Englewood Cliffs, N.J. :
Name of publisher, distributor, etc. Prentice-Hall,
Date of publication, distribution, etc. c1983.
300 ## - PHYSICAL DESCRIPTION
Extent x, 385 p. ;
Dimensions 25 cm.
500 ## - GENERAL NOTE
General note Includes indexes.
504 ## - BIBLIOGRAPHY, ETC. NOTE
Bibliography, etc Bibliography: p. 347-348.
650 #0 - SUBJECT ADDED ENTRY--TOPICAL TERM
Topical term or geographic name as entry element Educational tests and measurements.
650 #0 - SUBJECT ADDED ENTRY--TOPICAL TERM
Topical term or geographic name as entry element Ability
General subdivision Testing.
650 #0 - SUBJECT ADDED ENTRY--TOPICAL TERM
Topical term or geographic name as entry element Special education.
700 1# - ADDED ENTRY--PERSONAL NAME
Personal name Vallecorsa, Ada,
Dates associated with a name 1948-
700 1# - ADDED ENTRY--PERSONAL NAME
Personal name Silverman, Rita,
Dates associated with a name 1939-
906 ## - LOCAL DATA ELEMENT F, LDF (RLIN)
a 7
b cbc
c orignew
d 1
e ocip
f 19
g y-gencatlg
942 ## - ADDED ENTRY ELEMENTS (KOHA)
Source of classification or shelving scheme
Koha item type Hard Covered Materials
Holdings
Withdrawn status Lost status Source of classification or shelving scheme Damaged status Not for loan Home library Current library Shelving location Date acquired Source of acquisition Total Checkouts Full call number Barcode Date last seen Price effective from Koha item type
          MACHAKOS UNIVERSITY LIBRARY MACHAKOS UNIVERSITY LIBRARY Open shelf 09/08/2016 Donation(BFA)   LB 3051.Z54 1983 24113 23/01/2019 09/08/2016 Hard Covered Materials
© Machakos University Library, Along The Highway, Machakos Wote Rd, Machakos, Kenya P.O. Box 136 - 90100 Machakos - Kenya

Tel: ( +254 ) 723 805829 OR Fax : 044-20353 OR Email: library@mksu.ac.ke